eLearning: směr pro handicapované

eLearning si našiel svoje nezatupiteľné miesto nielen v systémoch vzdelávania na základných, stredných a vysokých školách, ale dôležitú úlohu má aj v ďalšom vzdelávaní, ako aj v rámci rekvalifikačných programov. Každá cieľová skupina má na eLearningové riešenia iné nároky. Využívajú sa rôzne typy d...

Descripción completa

Guardado en:
Detalles Bibliográficos
Autor principal: Hán, Jan
Formato: Capítulo de libro
Lenguaje:checo
Materias:
Etiquetas: Agregar Etiqueta
Sin Etiquetas, Sea el primero en etiquetar este registro!

MARC

LEADER 00000naa$a2200000$$$4500
001 0115513
005 20231213140240.4
041 0 |a cze 
044 |a CZ 
245 1 0 |a eLearning: směr pro handicapované  |c Jan Hán 
520 |a eLearning si našiel svoje nezatupiteľné miesto nielen v systémoch vzdelávania na základných, stredných a vysokých školách, ale dôležitú úlohu má aj v ďalšom vzdelávaní, ako aj v rámci rekvalifikačných programov. Každá cieľová skupina má na eLearningové riešenia iné nároky. Využívajú sa rôzne typy didaktických metód a nástrojov a rôzne štýly vedenia lektorov. Doteraz málo diskutovanou oblasťou aplikácie eLearningu je vzdelávanie osôb so zdravotným postihnutím. Práve v tejto oblasti má eLearning veľký potenciál. 
610 2 0 |a vzdelávanie elektronické 
610 2 0 |a osoby zdravotne postihnuté 
610 2 0 |a študenti 
610 2 0 |a učitelia 
610 2 0 |a komunikácia elektronická 
610 2 0 |a počítače 
100 1 |a Hán, Jan